Информатика: учебник для прикладного бакалавриата

Dettagli Bibliografici
Autore principale: Новожилов О. П. Олег Петрович
Ente Autore: Московский государственный индустриальный университет (МГИУ)
Riassunto:Издание ориентировано на изучение, принципов, алгоритмов и технологий обработки информации, а также их аппаратно-программной реализации. Рассмотрен широкий круг вопросов, относящихся к разным уровням обработки: первичной — с помощью элементарных цифровых устройств, процессорной — с использованием микро­команд и команд, программной обработки на уровне компьютерных устройств, обработки при передаче данных по компьютерным сетям с использованием коммуникационных протоколов. Приведены основ­ные понятия информатики и компьютерной техники, а также сведения о пакете программ Micro-Logic II и материал по вопросам схемотехни­ческого моделирования устройств битовой и процессорной обработки информации, который предназначен для закрепления теоретических знаний и приобретения практических навыков работы со средствами компьютерного моделирования цифровых устройств. Рассмотрены во­просы информационной безопасности.
Lingua:russo
Pubblicazione: Москва, Юрайт, 2015
Edizione:3-е изд., перераб. и доп.
Serie:Бакалавр. Прикладной курс
Soggetti:
Natura: Libro
KOHA link:https://koha.lib.tpu.ru/cgi-bin/koha/opac-detail.pl?biblionumber=291434

MARC

LEADER 00000nam0a2200000 4500
001 291434
005 20231101000456.0
010 |a 9785991643658 
035 |a (RuTPU)RU\TPU\book\316002 
035 |a RU\TPU\book\233564 
090 |a 291434 
100 |a 20120417d2015 m y0rusy50 ca 
101 0 |a rus 
102 |a RU 
105 |a a j 001zy 
200 1 |a Информатика  |e учебник для прикладного бакалавриата  |f О. П. Новожилов  |g Московский государственный индустриальный университет (МГИУ) 
205 |a 3-е изд., перераб. и доп. 
210 |a Москва  |c Юрайт  |d 2015 
215 |a 619 с.  |c ил. 
225 1 |a Бакалавр. Прикладной курс 
320 |a Предметный указатель: с. 606-617. 
320 |a Список литературы: с. 618-619. 
330 |a Издание ориентировано на изучение, принципов, алгоритмов и технологий обработки информации, а также их аппаратно-программной реализации. Рассмотрен широкий круг вопросов, относящихся к разным уровням обработки: первичной — с помощью элементарных цифровых устройств, процессорной — с использованием микро­команд и команд, программной обработки на уровне компьютерных устройств, обработки при передаче данных по компьютерным сетям с использованием коммуникационных протоколов. Приведены основ­ные понятия информатики и компьютерной техники, а также сведения о пакете программ Micro-Logic II и материал по вопросам схемотехни­ческого моделирования устройств битовой и процессорной обработки информации, который предназначен для закрепления теоретических знаний и приобретения практических навыков работы со средствами компьютерного моделирования цифровых устройств. Рассмотрены во­просы информационной безопасности. 
606 1 |a Информатика  |2 stltpush  |3 (RuTPU)RU\TPU\subj\36202 
610 1 |a числа 
610 1 |a обработка 
610 1 |a цифровые устройства 
610 1 |a цифровая информация 
610 1 |a сумматоры 
610 1 |a умножители 
610 1 |a микропроцессорная обработка 
610 1 |a хранение 
610 1 |a запоминающие устройства 
610 1 |a манипуляторы 
610 1 |a видеомониторы 
610 1 |a клавиатура 
610 1 |a сканеры 
610 1 |a принтеры 
610 1 |a компьютерные сети 
610 1 |a программное обеспечение 
610 1 |a программирование 
610 1 |a информационная безопасность 
610 1 |a компьютерное моделирование 
610 1 |a учебники 
675 |a 004(075.8)  |v 3 
700 1 |a Новожилов  |b О. П.  |g Олег Петрович 
712 0 2 |a Московский государственный индустриальный университет (МГИУ)  |2 stltpush  |3 (RuTPU)RU\TPU\col\11073 
801 1 |a RU  |b 63413507  |c 20150414 
801 2 |a RU  |b 63413507  |c 20150618  |g RCR 
900 |a Информатика 
942 |c BK 
951 |l 8.1 
959 |a 6/20150130  |d 3  |e 699,00  |f ЧЗТЛ:1  |f УФ:2